000 00581nam a2200205Ia 4500
003 GCL
008 140319s9999 xx 000 0 ara d
040 _aGCL /
_cGCL
082 0 4 _a301.953
_bع د
100 1 _aعلى جريشة
245 1 0 _aدين ودولة /
_cعلى جريشة
260 _a[S.N] :
_bدار الوفاء للطباعة والنشر والتوزيع ،
_c1988
300 _a142 ص
490 _a
650 0 4 _aالاقتصاد
650 0 4 _aالمجتمع الاسلامي
650 0 4 _aالعقيدة
650 0 4 _aالشريعة
942 _2ddc
_cBK
999 _c30439
_d30439